[Event "TUR-chT 2nd League"]
[Site "Konya"]
[Date "2018.07.19"]
[Round "5.6"]
[White "Ozel, Suha"]
[Black "Ceylan, Sezer"]
[Result "1-0"]
[WhiteElo "1501"]
[BlackElo "1748"]
[PlyCount "123"]
[EventDate "2018.07.16"]
[EventType "team-swiss"]
[EventRounds "9"]
[EventCountry "TUR"]
[SourceTitle "EXT 2019"]
[Source "ChessBase"]
[SourceDate "2018.10.10"]
[SourceVersion "1"]
[SourceVersionDate "2018.10.10"]
[SourceQuality "1"]
[WhiteTeam "Kocaeli Buyuksehir Belediyesi"]
[BlackTeam "Konya Erkin"]
[WhiteTeamCountry "TUR"]
[BlackTeamCountry "TUR"]

1. c4 g6 2. Nc3 Bg7 3. g3 c5 4. Bg2 Nc6 5. e3 d6 6. Nge2 Bd7 7. 0-0 Nf6 8. a3 0-0 9. Rb1 a5 10. Nd5 Nxd5 11. cxd5 Na7 12. d4 cxd4 13. Nxd4 Nb5 14. Re1 Nxd4 15. exd4 Bf5 16. Be4 Bxe4 17. Rxe4 Rc8 18. Bd2 b6 19. Bc3 Rc7 20. Qe2 Bf6 21. Qb5 Qb8 22. Rbe1 Rfc8 23. h4 Rb7 24. Qe2 Qc7 25. Rf4 b5 26. h5 b4 27. axb4 axb4 28. Bd2 Qc4 29. Qxc4 Rxc4 30. Rxf6 Rxd4 31. Bh6 Rxd5 32. hxg6 hxg6 33. Rf3 Rc5 34. Re2 f6 35. Be3 Ra5 36. Rf4 d5 37. Bd2 Rab5 38. Re3 b3 39. Rd3 Kf7 40. Rfd4 e6 41. Bc3 Ke7 42. Rh4 e5 43. Rxd5 Ke6 44. Rxb5 Rxb5 45. Rb4 Rxb4 46. Bxb4 e4 47. Kf1 Kf5 48. Ke2 Kg4 49. Ke3 f5 50. Bd6 g5 51. Be5 Kh3 52. Bf6 Kg4 53. Be7 Kh5 54. Kd2 Kg4 55. Bc5 Kf3 56. Kc3 f4 57. gxf4 gxf4 58. Kxb3 Ke2 59. Kc4 Kd2 60. b4 e3 61. fxe3 f3 62. e4 1-0